00303nam a2200121Ia 4500008004100000100002100041245005000062260002700112300000800139650001000147942000700157999001700164190216s9999||||xx |||||||||||||| ||und|| aDamodarlal Ganga 0aHindi-Pracheena Bharath Ka Rehasyamay Vonjaan bAppolo Prakashanc2010 a166 aHindi cBK c16899d16899